[Event "ICS rated blitz match"]
[Site "204.178.125.65"]
[Date "2000.12.14"]
[Round "?"]
[White "Hossa"]
[Black "McDogfood"]
[Result "1-0"]
[WhiteElo "2489"]
[BlackElo "2134"]
[PlyCount "85"]
[EventDate "2000.??.??"]

1. e4 c5 2. Nf3 Nc6 3. Nc3 d6 4. g3 g6 5. d4 cxd4 6. Nxd4 Bg7 7. Be3 Nf6 8. Bb5
Bd7 9. f3 O-O 10. O-O Qa5 11. Nb3 Qc7 12. Rf2 Rac8 13. Bf1 a6 14. Nd5 Nxd5 15.
exd5 Ne5 16. Bd4 Bf5 17. Bc3 Nc4 18. Bxg7 Kxg7 19. g4 Bd7 20. Qd4+ Kg8 21. Bxc4
Qxc4 22. Rd1 Qxd4 23. Rxd4 Rfe8 24. h4 Rc7 25. c3 Rec8 26. Re2 Kf8 27. Nd2 Bb5
28. Re1 a5 29. a4 Bc4 30. b3 Ba6 31. c4 b6 32. Rde4 Bb7 33. R4e2 Re8 34. Ne4
Rcc8 35. h5 Rcd8 36. h6 f6 37. Nc3 Ba6 38. Re3 Kf7 39. Kg2 Rc8 40. Ne2 Bxc4 41.
bxc4 Rxc4 42. Nc3 Rec8 43. Rxe7+ {McDogfood resigns} 1-0

[Event "ICS rated blitz match"]
[Site "204.178.125.65"]
[Date "2000.12.14"]
[Round "?"]
[White "Hossa"]
[Black "Amateur"]
[Result "1-0"]
[WhiteElo "2493"]
[BlackElo "2557"]
[PlyCount "151"]
[EventDate "2000.??.??"]

1. e4 e5 2. Nf3 Nc6 3. Bb5 a6 4. Ba4 Nf6 5. O-O Be7 6. Re1 b5 7. Bb3 O-O 8. c3
d6 9. h3 Nd7 10. d4 Nb6 11. Nbd2 exd4 12. cxd4 Nb4 13. Nf1 c5 14. a3 Nc6 15. d5
Na5 16. Ba2 Re8 17. Ng3 Bf6 18. Nh5 Nac4 19. Nxf6+ Qxf6 20. Rb1 Bb7 21. b3 Ne5
22. Nxe5 Qxe5 23. Bb2 Qf4 24. g3 Qh6 25. h4 f5 26. exf5 Nxd5 27. Rxe8+ Rxe8 28.
Rc1 b4 29. axb4 Nxb4 30. Bb1 Kh8 31. Rc4 Qh5 32. Rc1 Qxd1+ 33. Rxd1 Bf3 34. Rf1
Bd5 35. f6 gxf6 36. Bxf6+ Kg8 37. Bc3 Bxb3 38. Bf5 a5 39. Ra1 a4 40. Bd7 Ra8
41. Rb1 Na2 42. Bd2 d5 43. Re1 d4 44. Re7 Rf8 45. Re5 Rd8 46. Bf5 c4 47. Re7 c3
48. Bxh7+ Kf8 49. Bg5 Rd5 50. Rc7 Re5 51. Bg6 Rxg5 52. hxg5 Nc1 53. Rc8+ Kg7
54. Bf5 d3 55. Bxd3 Nxd3 56. Rxc3 Nb4 57. f4 Kg6 58. g4 Nd5 59. Rc6+ Kg7 60. f5
Ne3 61. Rc7+ Kf8 62. Kf2 Nxg4+ 63. Kf3 Ne5+ 64. Ke4 Ng4 65. Kf4 Nf2 66. f6 Be6
67. g6 Ng4 68. Kg5 Ne5 69. g7+ Kg8 70. Re7 Bd7 71. Rxe5 Kh7 72. Rd5 Be6 73. Rd8
Bg8 74. Rxg8 Kxg8 75. Kg6 a3 76. f7# {Amateur checkmated} 1-0

[Event "ICS rated blitz match"]
[Site "204.178.125.65"]
[Date "2000.12.14"]
[Round "?"]
[White "ChesterX"]
[Black "Hossa"]
[Result "1-0"]
[WhiteElo "2629"]
[BlackElo "2512"]
[PlyCount "101"]
[EventDate "2000.??.??"]

1. d4 Nf6 2. c4 e6 3. g3 Bb4+ 4. Nd2 c5 5. a3 Bxd2+ 6. Qxd2 cxd4 7. Nf3 Nc6 8.
Nxd4 Na5 9. c5 O-O 10. Qc2 b6 11. Bf4 Bb7 12. f3 Ba6 13. Bd6 bxc5 14. Bxf8 Qxf8
15. Qa4 cxd4 16. Qxa5 Qd6 17. Rc1 Nd5 18. Qc5 Qb8 19. Qxd4 Qb3 20. Kf2 Rb8 21.
Qxa7 Qxb2 22. Rd1 Bc8 23. a4 d6 24. a5 f5 25. Rd2 Qxd2 26. Qxb8 Qc3 27. a6 Qc5+
28. Kg2 f4 29. Rg1 fxg3 30. hxg3 Qc6 31. a7 Nb6 32. e4 Nd7 33. Bb5 Qc2+ 34. Kh1
Nxb8 35. axb8=Q Kf7 36. Qxd6 e5 37. Qxe5 Be6 38. Qh5+ g6 39. Qxh7+ Kf8 40. Qh8+
Kf7 41. Qe8+ Kg7 42. Qxe6 Qc5 43. Bc4 Qf8 44. Qd7+ Kh6 45. Kg2 Qc5 46. Rh1+ Qh5
47. Rxh5+ gxh5 48. Bg8 h4 49. Qh7+ Kg5 50. Qg7+ Kh5 51. Bf7# {Hossa checkmated}
1-0

[Event "ICS unrated blitz match"]
[Site "204.178.125.65"]
[Date "2000.12.14"]
[Round "?"]
[White "diep"]
[Black "Hossa"]
[Result "1-0"]
[WhiteElo "2726"]
[BlackElo "2501"]
[PlyCount "145"]
[EventDate "2000.??.??"]

1. g3 c6 2. Bg2 g6 3. d4 Bg7 4. Nf3 Nf6 5. O-O d5 6. Nbd2 O-O 7. c3 b6 8. Ne5
Ng4 9. Ndf3 Nxe5 10. Nxe5 f6 11. Nd3 e5 12. Bd2 Bf5 13. Qb3 a5 14. c4 Be4 15.
a4 exd4 16. Nf4 Bxg2 17. Kxg2 dxc4 18. Qxc4+ Rf7 19. Ne6 Qd7 20. e3 b5 21. Qa2
d3 22. Qb3 Bh6 23. Nc5 bxa4 24. Rxa4 Qf5 25. Nxd3 Nd7 26. e4 Qb5 27. Qxb5 cxb5
28. Rxa5 Rxa5 29. Bxa5 Re7 30. f3 Be3 31. Nb4 Bb6 32. Nd5 Re6 33. Ra1 Bd4 34.
Bc3 Bb6 35. Ra3 f5 36. Ra8+ Kf7 37. Rh8 Nf8 38. Bb4 Nd7 39. Rxh7+ Ke8 40. h4
Rc6 41. Re7+ Kd8 42. exf5 gxf5 43. Bc3 Rd6 44. Nxb6 Rxb6 45. Rf7 b4 46. Bd2 Rb5
47. Bg5+ Kc7 48. h5 Kc6 49. h6 Rb8 50. Rxf5 Rh8 51. Rf4 Kb5 52. Rf7 Kc6 53. Bd2
Nc5 54. Rf6+ Kb5 55. Rf5 Kc4 56. Rf4+ Kb3 57. Rxb4+ Ka2 58. Rb6 Kb1 59. Rc6 Nd3
60. b4 Rh7 61. b5 Rb7 62. Bc3 Rh7 63. b6 Re7 64. Rc7 Re2+ 65. Kg1 Re8 66. b7
Rb8 67. h7 Ne1 68. h8=Q Rxh8 69. Bxh8 Nc2 70. b8=Q+ Kc1 71. Qb2+ Kd2 72. Qxc2+
Ke1 73. Bc3# {Hossa checkmated} 1-0

[Event "ICS rated standard match"]
[Site "204.178.125.65"]
[Date "2000.12.14"]
[Round "?"]
[White "Hossa"]
[Black "diep"]
[Result "0-1"]
[WhiteElo "2384"]
[BlackElo "2490"]
[PlyCount "126"]
[EventDate "2000.??.??"]

1. e4 c5 2. c3 Nf6 3. e5 Nd5 4. d4 cxd4 5. Nf3 e6 6. cxd4 d6 7. Bc4 Nc6 8. O-O
Be7 9. exd6 Qxd6 10. Nc3 Nxc3 11. bxc3 O-O 12. Be3 e5 13. Rb1 b6 14. Bd3 Be6
15. Qd2 Rad8 16. Rfe1 f6 17. Qc2 g6 18. Bxg6 hxg6 19. Qxg6+ Kh8 20. Qh5+ Kg8
21. Bh6 Rf7 22. Rb2 exd4 23. Rbe2 Bc4 24. Nxd4 Nxd4 25. cxd4 Rh7 26. Rxe7 Rxe7
27. Re4 Rg7 28. Bxg7 Qb4 29. Qh8+ Kf7 30. Qh5+ Kxg7 31. Rg4+ Kf8 32. Qh8+ Ke7
33. Qg7+ Kd6 34. Qxf6+ Kc7 35. Rg7+ Rd7 36. Qe5+ Kc6 37. Qe4+ Bd5 38. Qc2+ Kb5
39. Qe2+ Bc4 40. Qe5+ Ka6 41. h3 Rxg7 42. Qxg7 Qe1+ 43. Kh2 Qxf2 44. a3 Qf4+
45. Qg3 Qxd4 46. Kh1 Qc5 47. Qc3 Kb5 48. Kh2 a5 49. Qb2+ Ka4 50. h4 Bd3 51. Kg3
Qd6+ 52. Kf3 b5 53. g4 Qxa3 54. Qd4+ b4 55. g5 Qc3 56. Qf4 Bg6+ 57. Kf2 Qc2+
58. Kg3 Qd3+ 59. Kf2 Qf5 60. Qxf5 Bxf5 61. Ke3 b3 62. Kd4 b2 63. h5 b1=Q {
Hossa resigns} 0-1

[Event "ICS rated standard match"]
[Site "204.178.125.65"]
[Date "2000.12.14"]
[Round "?"]
[White "Hossa"]
[Black "BrazilianMaster"]
[Result "0-1"]
[WhiteElo "2373"]
[BlackElo "2691"]
[PlyCount "78"]
[EventDate "2000.??.??"]

1. e4 e5 2. Bc4 Nf6 3. d3 Nc6 4. Nf3 Bc5 5. O-O O-O 6. Nc3 d6 7. Na4 Na5 8.
Nxc5 Nxc4 9. dxc4 dxc5 10. Nxe5 Qxd1 11. Rxd1 Nxe4 12. Nd3 Nd6 13. b3 b6 14.
Re1 Bf5 15. f3 Bxd3 16. cxd3 Nf5 17. Bf4 c6 18. Kf2 Rad8 19. g4 Nd4 20. Re7 f5
21. Rxa7 fxg4 22. Bc7 Rde8 23. Kg3 gxf3 24. Rf1 Re6 25. Kh3 Rh6+ 26. Kg3 Rg6+
27. Kh3 Rf5 28. Ra8+ Kf7 29. Bg3 Rh5+ 30. Bh4 Nf5 31. Ra7+ Ke6 32. Re7+ Nxe7
33. Rxf3 Nf5 34. Rf4 Rgh6 35. Re4+ Kd6 36. a4 Rxh4+ 37. Rxh4 Rxh4+ 38. Kg2 Ne3+
39. Kf2 Ng4+ {Hossa resigns} 0-1

[Event "ICS rated blitz match"]
[Site "204.178.125.65"]
[Date "2000.12.14"]
[Round "?"]
[White "Hossa"]
[Black "Amateur"]
[Result "1/2-1/2"]
[WhiteElo "2501"]
[BlackElo "2541"]
[PlyCount "139"]
[EventDate "2000.??.??"]

1. e4 e5 2. Bc4 Nf6 3. d3 c6 4. Nf3 d5 5. Bb3 Bd6 6. Nc3 d4 7. Ne2 Bg4 8. O-O
Bxf3 9. gxf3 O-O 10. f4 Na6 11. fxe5 Bxe5 12. f4 Bc7 13. Qe1 Nc5 14. Nxd4 Nxd3
15. cxd3 Qxd4+ 16. Qe3 Bb6 17. Qxd4 Bxd4+ 18. Kg2 Rfe8 19. Rb1 Nd7 20. Kf3 Bf6
21. e5 Bh4 22. Be3 a5 23. Rg1 a4 24. Bc2 Be7 25. d4 Bb4 26. f5 Bf8 27. f6 g6
28. Be4 Rad8 29. b4 axb3 30. Rxb3 c5 31. Rxb7 cxd4 32. Bxd4 Nxe5+ 33. Bxe5 Rxe5
34. a4 Re6 35. Rg4 Rd2 36. Rf4 Bd6 37. Ra7 Re8 38. Rg4 Rc8 39. Bf5 Rc3+ 40. Ke4
h5 41. Rg5 Rxh2 42. Bxg6 fxg6 43. Rxg6+ Kf8 44. Rgg7 Re2+ 45. Kf5 Re5+ 46. Kg6
Rg3+ 47. Kh6 Re6 48. Ra8+ Re8 49. Rxe8+ Kxe8 50. Rxg3 Bxg3 51. Kxh5 Bc7 52. Kg6
Kf8 53. f7 Bd8 54. Kh5 Kxf7 55. Kh6 Ke6 56. Kh7 Kd5 57. Kg8 Kd4 58. Kh7 Ke4 59.
Kg8 Ke5 60. Kh7 Kd4 61. Kg8 Ke4 62. Kh7 Ke5 63. Kg8 Kd4 64. Kh7 Ke4 65. Kg8 Ke5
66. Kh7 Kd4 67. Kg8 Ke4 68. Kh7 Ke5 69. Kg8 Kd4 70. Kh7 {
Game drawn by repetition} 1/2-1/2

[Event "ICS rated standard match"]
[Site "204.178.125.65"]
[Date "2000.12.14"]
[Round "?"]
[White "BrazilianMaster"]
[Black "Hossa"]
[Result "1-0"]
[WhiteElo "2695"]
[BlackElo "2369"]
[PlyCount "277"]
[EventDate "2000.??.??"]

1. e4 e5 2. Nf3 Nf6 3. Nxe5 d6 4. Nf3 Nxe4 5. Qe2 Qe7 6. d3 Nf6 7. Bg5 Qxe2+ 8.
Bxe2 Be7 9. Nc3 h6 10. Be3 O-O 11. O-O-O Ng4 12. h3 Nxe3 13. fxe3 c6 14. a4 Re8
15. e4 a6 16. d4 b5 17. Bd3 Bd8 18. Rhf1 Ba5 19. e5 dxe5 20. Nxe5 f6 21. Ng6
Bxc3 22. bxc3 bxa4 23. Rfe1 Rd8 24. Kb2 Ra7 25. Ka3 Bd7 26. Re7 c5 27. dxc5 Rc8
28. Be4 Rxc5 29. c4 Rac7 30. Rd6 a5 31. Bd5+ Rxd5 32. Rxd5 Rxc4 33. Rxa5 Bc6
34. Rc7 Rxc2 35. Rc8+ Kf7 36. Nh8+ Ke6 37. Rxb8 Rxg2 38. Rb6 Kd6 39. Raa6 Rc2
40. Nf7+ Kd5 41. Nd8 Be8 42. Ne6 Rc3+ 43. Kb2 Rc6 44. Rxc6 Bxc6 45. Nxg7 Bd7
46. Rxf6 Bxh3 47. Rxh6 Bd7 48. Rh5+ Kc4 49. Ka3 Kd4 50. Nf5+ Kd5 51. Ne3+ Ke4
52. Rh7 Bc6 53. Rc7 Bb5 54. Nc4 Kf4 55. Rf7+ Kg3 56. Nd6 Bc6 57. Nf5+ Kg4 58.
Nd4 Bd5 59. Rf6 Be4 60. Ne2 Kg5 61. Rf8 Bc6 62. Rg8+ Kf6 63. Nc3 Kf7 64. Rc8
Bd7 65. Rc7 Ke6 66. Ne4 Bb5 67. Rc5 Bd7 68. Nc3 Kd6 69. Rc4 Ke5 70. Re4+ Kd6
71. Rd4+ Ke6 72. Rd5 Bc6 73. Ra5 Kd6 74. Rh5 Be8 75. Rh6+ Ke5 76. Kb4 a3 77.
Na2 Bd7 78. Rh2 Bc6 79. Rf2 Kd4 80. Rf1 Be4 81. Re1 Bg2 82. Rc1 Ke3 83. Rd1 Bf3
84. Rd7 Bg4 85. Rf7 Bh5 86. Re7+ Kd4 87. Rd7+ Ke5 88. Ra7 Bg4 89. Rh7 Bf5 90.
Rh1 Be4 91. Ra1 Kd4 92. Rd1+ Ke3 93. Kb3 Bf3 94. Rd7 Bc6 95. Rd8 Kf4 96. Rd6
Bg2 97. Rd2 Bf3 98. Kb4 Ke5 99. Rc2 Be4 100. Rc1 Bg2 101. Rc3 Kf4 102. Rc8 Bb7
103. Rc5 Bg2 104. Rh5 Ke3 105. Re5+ Kd4 106. Re8 Bd5 107. Kxa3 Kc4 108. Rc8+
Kd4 109. Nb4 Bb7 110. Rd8+ Kc4 111. Rb8 Bg2 112. Rc8+ Kd4 113. Kb3 Ke5 114.
Nd3+ Kd4 115. Rd8+ Bd5+ 116. Kb4 Ke4 117. Kc3 Bc6 118. Rc8 Bb5 119. Rc7 Kf3
120. Kd4 Be8 121. Rc8 Ba4 122. Rf8+ Kg3 123. Ke3 Bb3 124. Nc5 Ba2 125. Rf4 Bd5
126. Ne4+ Kg2 127. Rf2+ Kh3 128. Rf3+ Kh4 129. Rf4+ Kh5 130. Nf6+ Kh6 131. Nxd5
Kh7 132. Rh4+ Kg8 133. Rf4 Kh7 134. Rg4 Kh8 135. Ke4 Kh7 136. Kf5 Kh8 137. Rg1
Kh7 138. Nf6+ Kh8 139. Rg8# {Hossa checkmated} 1-0

[Event "ICS rated standard match"]
[Site "204.178.125.65"]
[Date "2000.12.14"]
[Round "?"]
[White "Hossa"]
[Black "JacobSon"]
[Result "1-0"]
[WhiteElo "2365"]
[BlackElo "2232"]
[PlyCount "39"]
[EventDate "2000.??.??"]

1. e4 g6 2. d4 Bg7 3. c4 c6 4. Nc3 d6 5. Nf3 a6 6. Bd3 Bg4 7. Be3 Nd7 8. O-O
Ngf6 9. h3 Bxf3 10. Qxf3 O-O 11. Qe2 b5 12. b4 e5 13. d5 cxd5 14. cxd5 Nb6 15.
Rac1 Rc8 16. Nb1 Nfd7 17. Rc6 Rxc6 18. dxc6 Nb8 19. Rc1 Qc7 20. Nc3 {
JacobSon resigns} 1-0

[Event "ICS rated standard match"]
[Site "204.178.125.65"]
[Date "2000.12.14"]
[Round "?"]
[White "JacobSon"]
[Black "Hossa"]
[Result "1/2-1/2"]
[WhiteElo "2222"]
[BlackElo "2375"]
[PlyCount "144"]
[EventDate "2000.??.??"]

1. e4 c5 2. Nf3 e6 3. Nc3 a6 4. g3 Nc6 5. Bg2 d5 6. exd5 exd5 7. d4 cxd4 8.
Nxd4 Nf6 9. O-O Be7 10. Bg5 O-O 11. Nde2 d4 12. Bxf6 Bxf6 13. Nd5 Be5 14. Qd2
Be6 15. Nef4 Qg5 16. Rad1 Bf5 17. Nd3 Qxd2 18. Rxd2 Bd6 19. Re1 Rfe8 20. Rde2
Rxe2 21. Rxe2 Kf8 22. Kf1 Re8 23. Rxe8+ Kxe8 24. Ke2 Kd7 25. a3 a5 26. Nb6+ Ke7
27. Nc4 Bc7 28. Nd2 h6 29. Be4 Bxe4 30. Nxe4 f5 31. Nd2 g5 32. Nb3 Kd6 33. h3
Kd5 34. Nbc1 b6 35. Kf3 Bd6 36. g4 Ne7 37. Ne2 f4 38. Ng1 Ng8 39. Ke2 Nf6 40.
Nf3 Ne4 41. Nd2 Nxd2 42. Kxd2 f3 43. a4 Be7 44. Kc1 Ke4 45. Kd2 Bd6 46. Kd1 Bf8
47. Kd2 Bg7 48. Kd1 Bf6 49. Kd2 Bd8 50. Kd1 Bc7 51. Kd2 Bb8 52. Kd1 Bh2 53. Kd2
Bg1 54. Ke1 Kd5 55. Kd2 Bh2 56. Kd1 Be5 57. Kd2 Bg7 58. Kd1 Bf6 59. Kd2 Bd8 60.
Kd1 Bc7 61. Kd2 Bb8 62. Kd1 Ba7 63. Kd2 Bb8 64. Kd1 Ba7 65. Kd2 Bb8 66. Ke1 Ke4
67. Kd1 Ba7 68. Kd2 Kd5 69. Ke1 Kd6 70. Kd2 Kd5 71. Ke1 Kd6 72. Kd1 Kd5 {
Game drawn by repetition} 1/2-1/2

[Event "ICS rated blitz match"]
[Site "204.178.125.65"]
[Date "2000.12.14"]
[Round "?"]
[White "salzi"]
[Black "Hossa"]
[Result "0-1"]
[WhiteElo "2076"]
[BlackElo "2503"]
[PlyCount "26"]
[EventDate "2000.??.??"]

1. d4 Nf6 2. c4 g6 3. Nc3 d5 4. e3 Bg7 5. g3 dxc4 6. Bxc4 O-O 7. Bd2 Nc6 8. h4
e5 9. d5 Na5 10. Be2 Nxd5 11. Nxd5 Qxd5 12. Bf3 e4 13. Bxa5 Qxa5+ {
salzi resigns} 0-1

[Event "ICS rated blitz match"]
[Site "204.178.125.65"]
[Date "2000.12.14"]
[Round "?"]
[White "Themanfromrio"]
[Black "Hossa"]
[Result "0-1"]
[WhiteElo "1991"]
[BlackElo "2506"]
[PlyCount "80"]
[EventDate "2000.??.??"]

1. e4 c5 2. Nf3 e6 3. d4 cxd4 4. Nxd4 a6 5. Bd3 Nf6 6. O-O d6 7. c4 g6 8. Nc3
Bg7 9. Be3 O-O 10. Qe2 Nfd7 11. Rad1 Nc6 12. Bb1 Qc7 13. a3 Re8 14. Kh1 Bxd4
15. Bxd4 Nde5 16. f4 Nxd4 17. Rxd4 Nc6 18. Rd2 b6 19. Qd3 Rd8 20. Ba2 Bb7 21.
f5 Ne5 22. Qh3 exf5 23. exf5 Rf8 24. f6 h5 25. Rd5 Bxd5 26. Nxd5 Qa7 27. Qe3
Kh7 28. Qg5 Qb7 29. Bb1 Ng4 30. Qxh5+ Nh6 31. g4 Rh8 32. Be4 Rae8 33. g5 Kg8
34. Bxg6 Nf5 35. Qf3 fxg6 36. Ne7+ Rxe7 37. fxe7 Qxe7 38. Qd5+ Qf7 39. Qa8+ Kg7
40. Qxa6 Ng3+ {Themanfromrio resigns} 0-1

[Event "ICS rated standard match"]
[Site "204.178.125.65"]
[Date "2000.12.14"]
[Round "?"]
[White "Hossa"]
[Black "BrazilianMaster"]
[Result "1-0"]
[WhiteElo "2368"]
[BlackElo "2699"]
[PlyCount "148"]
[EventDate "2000.??.??"]

1. e4 e5 2. Nf3 Nc6 3. Bb5 a6 4. Ba4 Nf6 5. O-O Be7 6. Re1 b5 7. Bb3 O-O 8. c3
d6 9. h3 Nb8 10. d4 Nbd7 11. Nbd2 Bb7 12. Bc2 Re8 13. Nf1 Bf8 14. Ng3 g6 15.
Bg5 h6 16. Bd2 Bg7 17. Qc1 Kh7 18. Bd3 exd4 19. cxd4 c5 20. d5 c4 21. Bc2 Ng8
22. Bb4 Ne5 23. Re3 Qe7 24. Bc3 h5 25. Nxe5 Bxe5 26. Rf3 Nh6 27. Bd2 Ng8 28.
Bf4 Bg7 29. Nxh5 Bd4 30. Ng3 Nf6 31. Bg5 Kg8 32. e5 Qxe5 33. Bxf6 Qxd5 34. Qf4
Bxf6 35. Qxf6 Qe6 36. Nh5 Qxf6 37. Nxf6+ Kf8 38. Nxe8 Bxf3 39. Nxd6 Bc6 40. Be4
Bxe4 41. Nxe4 Re8 42. f3 Rd8 43. Rb1 Rd5 44. g4 f5 45. gxf5 gxf5 46. Ng3 Kg7
47. Kf2 Kf6 48. Ke3 b4 49. Rc1 Rd3+ 50. Ke2 Rd4 51. Nf1 Rh4 52. Nd2 c3 53. bxc3
bxc3 54. Rxc3 Kg5 55. Ke3 Ra4 56. a3 Ra5 57. f4+ Kh4 58. Kd4 Rb5 59. Nb3 a5 60.
Kc4 Rb8 61. Kd5 Re8 62. Nd4 Kh5 63. Nxf5 Kg6 64. Re3 Rf8 65. Ne7+ Kf7 66. Nc6
Rh8 67. Ne5+ Kf6 68. Ke4 Rh5 69. Rb3 Ke7 70. a4 Kd6 71. Rd3+ Ke7 72. Rd7+ Ke8
73. f5 Rh6 74. Ra7 Rd6 {BrazilianMaster resigns} 1-0

[Event "ICS rated standard match"]
[Site "204.178.125.65"]
[Date "2000.12.14"]
[Round "?"]
[White "BrazilianMaster"]
[Black "Hossa"]
[Result "1-0"]
[WhiteElo "2671"]
[BlackElo "2396"]
[PlyCount "103"]
[EventDate "2000.??.??"]

1. e4 e6 2. d4 d5 3. Nd2 c5 4. exd5 exd5 5. Ngf3 a6 6. dxc5 Bxc5 7. Nb3 Ba7 8.
Bg5 Nf6 9. Qe2+ Be6 10. Nfd4 Qe7 11. O-O-O Nc6 12. f4 Rc8 13. c3 Bg4 14. Qxe7+
Nxe7 15. Re1 Ne4 16. Bxe7 Kxe7 17. Bd3 Rhe8 18. Bxe4 dxe4 19. f5 Kf6 20. h3
Bxf5 21. Rhf1 Re5 22. g4 g6 23. gxf5 gxf5 24. Rf4 Bxd4 25. Nxd4 h6 26. Ref1
Rcc5 27. Kd2 a5 28. a4 Rcd5 29. Ke2 Rc5 30. h4 Kg6 31. R1f2 Kf6 32. Nc2 Ke7 33.
Ne3 Ke6 34. c4 h5 35. b3 Kf6 36. Rg2 b6 37. Rg5 Ke6 38. Rxh5 f6 39. Rh8 Rc6 40.
h5 Rec5 41. Rb8 Kf7 42. Nxf5 Re6 43. Rb7+ Kf8 44. h6 Rxf5 45. Rxf5 Kg8 46. Rd5
Re8 47. Rg7+ Kf8 48. Rd6 Re5 49. Rd8+ Re8 50. Rxe8+ Kxe8 51. h7 b5 52. h8=Q# {
Hossa checkmated} 1-0

[Event "ICS rated standard match"]
[Site "204.178.125.65"]
[Date "2000.12.15"]
[Round "?"]
[White "Hossa"]
[Black "BrazilianMaster"]
[Result "0-1"]
[WhiteElo "2391"]
[BlackElo "2676"]
[PlyCount "162"]
[EventDate "2000.??.??"]

1. e4 c5 2. c3 Nf6 3. e5 Nd5 4. d4 cxd4 5. cxd4 d6 6. Nf3 Nc6 7. Bc4 dxe5 8.
dxe5 Ndb4 9. Qxd8+ Nxd8 10. Na3 Bg4 11. O-O Ndc6 12. Bd2 Bxf3 13. gxf3 e6 14.
Bb5 O-O-O 15. Bc3 a6 16. Bxc6 Nxc6 17. Nc4 Rd3 18. Rfd1 Rxf3 19. Kg2 Rf4 20.
Nd6+ Bxd6 21. exd6 Kd7 22. Rd3 e5 23. Rad1 Re8 24. Rg3 g6 25. Rgd3 Re6 26. Rd5
Rff6 27. Rc1 g5 28. b4 b5 29. a3 Rg6 30. Rc5 f6 31. Rxc6 Kxc6 32. Bxe5+ Kd7 33.
Rc7+ Kd8 34. Bb2 Rxd6 35. Rxh7 Rd2 36. Bc3 Rd3 37. Bb2 Rb3 38. Bc1 g4 39. Rh8+
Ke7 40. Rh7+ Ke8 41. Ra7 f5 42. Ra8+ Kd7 43. Ra7+ Kc8 44. Rf7 Rc6 45. Be3 Rxa3
46. Rxf5 Rc4 47. Rd5 Kc7 48. Bc5 Ra2 49. Rh5 Kc6 50. Rh6+ Kd7 51. Rh7+ Ke6 52.
h4 gxh3+ 53. Rxh3 a5 54. Rh6+ Kf7 55. Ra6 Ra4 56. Rb6 axb4 57. Rxb5 b3 58. Rb7+
Ke6 59. Bf8 Rf4 60. Rb6+ Kd5 61. Be7 Rfe4 62. Bf8 Re8 63. Bb4 b2 64. Bd2 Ra2
65. Bc3 Rg8+ 66. Kf3 Ra3 67. Rxb2 Rxc3+ 68. Ke2 Rgc8 69. Kf1 Ke4 70. Rb7 Rc1+
71. Kg2 Rg8+ 72. Kh2 Rc6 73. Re7+ Kf3 74. Rf7+ Ke2 75. Rh7 Rcg6 76. Rh4 Rg2+
77. Kh3 Rg1 78. Re4+ Kf1 79. Re1+ Kxe1 80. Kh2 Kxf2 81. Kh3 Rh1# {
Hossa checkmated} 0-1

[Event "ICS rated standard match"]
[Site "204.178.125.65"]
[Date "2000.12.15"]
[Round "?"]
[White "BrazilianMaster"]
[Black "Hossa"]
[Result "1/2-1/2"]
[WhiteElo "2681"]
[BlackElo "2386"]
[PlyCount "158"]
[EventDate "2000.??.??"]

1. e4 c5 2. Nf3 e6 3. d4 cxd4 4. Nxd4 a6 5. Nc3 Nc6 6. Be2 Qc7 7. Be3 Nf6 8.
O-O Bb4 9. Na4 O-O 10. Nxc6 bxc6 11. Nb6 Rb8 12. Nxc8 Rfxc8 13. Bxa6 Rf8 14.
Bd3 Bd6 15. g3 Be5 16. a4 Bxb2 17. Ra2 Bc3 18. Bf4 d6 19. a5 Bxa5 20. Bxd6 Qxd6
21. Rxa5 Rb4 22. e5 Qc7 23. Qa1 Nd7 24. Ra7 Rb7 25. Rxb7 Qxb7 26. Rb1 Qc7 27.
f4 Nc5 28. Be2 Rc8 29. Bf3 Nd7 30. Qa3 g6 31. Kg2 Nb6 32. Qc5 Nd5 33. Rb3 Qe7
34. Qxe7 Nxe7 35. Be4 Rc7 36. Kf2 f5 37. exf6 Nd5 38. c4 Nxf6 39. Bf3 Nd7 40.
Ra3 Nb6 41. Be2 Nd7 42. Ra6 Nc5 43. Ra1 Nb3 44. Ra8+ Kg7 45. Ke3 c5 46. Bd1 Nd4
47. Ke4 Kf6 48. g4 g5 49. Ra2 gxf4 50. Kxf4 Rf7 51. Ra8 h6 52. Ke4 Kg7 53. Rc8
Rf1 54. Ba4 Re1+ 55. Kd3 Re5 56. Bd1 Kf7 57. Rc7+ Kf6 58. Kd2 Rg5 59. Kd3 Re5
60. h4 Re1 61. Kd2 Rh1 62. Rxc5 Rxh4 63. Rh5 Rxh5 64. gxh5 Ke5 65. Kd3 Nf5 66.
Bf3 Kd6 67. Bg4 Ke5 68. Bxf5 exf5 69. Ke3 f4+ 70. Kf3 Kd4 71. Kxf4 Kxc4 72. Kf5
Kd4 73. Kg4 Ke5 74. Kg3 Kf5 75. Kh4 Kf4 76. Kh3 Kg5 77. Kg2 Kg4 78. Kh1 Kg5 79.
Kg2 Kg4 {Game drawn by mutual agreement} 1/2-1/2

[Event "ICS rated blitz match"]
[Site "204.178.125.65"]
[Date "2000.12.15"]
[Round "?"]
[White "aschu"]
[Black "Hossa"]
[Result "0-1"]
[WhiteElo "2049"]
[BlackElo "2508"]
[PlyCount "82"]
[EventDate "2000.??.??"]

1. g3 g6 2. h3 Bg7 3. Bg2 Nf6 4. d3 Nc6 5. e3 O-O 6. Ne2 d5 7. O-O Bd7 8. Nd2
e5 9. Kh2 Bf5 10. a3 a6 11. b3 e4 12. d4 Qe7 13. c4 dxc4 14. bxc4 g5 15. g4 Bg6
16. Bb2 h5 17. gxh5 Nxh5 18. Ng3 Nxg3 19. fxg3 f5 20. Qc2 Qd6 21. c5 Qd5 22.
Qc4 Ne7 23. Rac1 Be8 24. Nb3 Qxc4 25. Rxc4 Bb5 26. Rb4 Nd5 27. Re1 Nxb4 28.
axb4 Rf6 29. d5 Rf7 30. Bxg7 Kxg7 31. Nd4 Bc4 32. Ne6+ Kf6 33. h4 gxh4 34. gxh4
Rh7 35. Kg3 Bxd5 36. Ng5 Rg8 37. Rd1 Ke5 38. Bf1 Rhg7 39. Be2 Bb3 40. Rd4 f4+
41. exf4+ Kxd4 {aschu resigns} 0-1

[Event "ICS rated blitz match"]
[Site "204.178.125.65"]
[Date "2000.12.15"]
[Round "?"]
[White "Hossa"]
[Black "razor91"]
[Result "1/2-1/2"]
[WhiteElo "2510"]
[BlackElo "2698"]
[PlyCount "123"]
[EventDate "2000.??.??"]

1. e4 c5 2. Nf3 Nc6 3. Nc3 e6 4. g3 d6 5. d3 d5 6. Bg2 d4 7. Nb1 e5 8. Na3 Bd6
9. O-O Nf6 10. c3 O-O 11. Bd2 dxc3 12. bxc3 a6 13. Qe2 b5 14. Nc2 Qe7 15. Ne3
Rd8 16. Nd5 Nxd5 17. exd5 Na7 18. Ng5 Bf5 19. Be4 Qf6 20. Qh5 h6 21. Qxf7+ Qxf7
22. Nxf7 Bxe4 23. Nxd8 Bxd5 24. c4 bxc4 25. dxc4 Bxc4 26. Nb7 Bxf1 27. Kxf1 Be7
28. Be3 Rc8 29. Rc1 Nb5 30. Nxc5 Bxc5 31. Rxc5 Rxc5 32. Bxc5 Kf7 33. f3 h5 34.
a4 Nd4 35. Kg2 Ke6 36. h3 Kd5 37. Be7 e4 38. fxe4+ Kxe4 39. Bf8 g5 40. Be7 g4
41. hxg4 hxg4 42. Kf2 Kd3 43. Bd8 Nf3 44. Ba5 Nd2 45. Bc7 Ne4+ 46. Kf1 Kc4 47.
a5 Kd3 48. Bf4 Nd2+ 49. Ke1 Nb3 50. Bc7 Ke3 51. Bb6+ Kf3 52. Kd1 Kxg3 53. Kc2
Nxa5 54. Bxa5 Kf3 55. Bc7 a5 56. Bxa5 g3 57. Bb4 g2 58. Bc5 Kg3 59. Bd4 Kh2 60.
Be3 Kh1 61. Bf2 g1=Q 62. Bxg1 {
Game drawn because neither player has mating material} 1/2-1/2

[Event "ICS rated standard match"]
[Site "204.178.125.65"]
[Date "2000.12.15"]
[Round "?"]
[White "Hossa"]
[Black "diep"]
[Result "1/2-1/2"]
[WhiteElo "2397"]
[BlackElo "2508"]
[PlyCount "141"]
[EventDate "2000.??.??"]

1. d4 Nf6 2. c4 e6 3. g3 Bb4+ 4. Nd2 c5 5. a3 Bxd2+ 6. Qxd2 cxd4 7. Nf3 Nc6 8.
Nxd4 Na5 9. c5 b6 10. cxb6 Bb7 11. f3 Qxb6 12. Qb4 Qxb4+ 13. axb4 Nc6 14. Nxc6
Bxc6 15. Ra5 Nd5 16. e4 Nxb4 17. Bd2 Nc2+ 18. Kf2 f5 19. exf5 Nd4 20. fxe6 O-O
21. Bf4 Nxe6 22. Bc4 Kh8 23. Bxe6 dxe6 24. Rc1 Bd5 25. Rc7 a6 26. Rd7 Kg8 27.
Ra3 Rac8 28. Rxa6 Rc2+ 29. Kg1 Rf7 30. Rxf7 Kxf7 31. Be5 Bxf3 32. h4 Rg2+ 33.
Kf1 Be2+ 34. Kxg2 Bxa6 35. Kf3 h6 36. Ke3 g5 37. h5 Bb5 38. b3 Kf8 39. g4 Bc6
40. b4 Kf7 41. Bd4 Bb5 42. Kf3 Bc6+ 43. Kf2 Ba4 44. Bb2 Bb5 45. Be5 Ba4 46. Kf3
Bd1+ 47. Kg3 Be2 48. Kh3 Bd3 49. Kg2 Bb5 50. Kf3 Bc6+ 51. Ke3 Ba4 52. Bd6 Bc6
53. Kf2 Bb5 54. Ke3 Bc6 55. Ke2 Bd5 56. Be5 Bc6 57. Ba1 Bd5 58. Kf2 Bc4 59. Be5
Bb5 60. Bh8 Ba4 61. Bd4 Bc6 62. Kg3 Bb5 63. Bc3 Bd3 64. Kf2 Bb5 65. Be5 Ba4 66.
Ke2 Bc6 67. Ke3 Ba4 68. Kd2 Bc6 69. Ke2 Bb5+ 70. Kf3 Bc6+ 71. Ke3 {
Game drawn by repetition} 1/2-1/2

[Event "ICS rated blitz match"]
[Site "204.178.125.65"]
[Date "2000.12.15"]
[Round "?"]
[White "wilburr"]
[Black "Hossa"]
[Result "0-1"]
[WhiteElo "1913"]
[BlackElo "2518"]
[PlyCount "92"]
[EventDate "2000.??.??"]

1. e4 c6 2. d4 d5 3. Nc3 dxe4 4. Nxe4 Nd7 5. Ng3 e5 6. dxe5 Qa5+ 7. Bd2 Qxe5+
8. Qe2 Qxe2+ 9. Bxe2 Nb6 10. Nf3 Be6 11. b3 O-O-O 12. c4 Nf6 13. h3 Bd6 14. Be3
Bxg3 15. fxg3 Ne4 16. g4 Ng3 17. Rg1 Rhe8 18. Ng5 Bxc4 19. Bxc4 Rxe3+ 20. Kf2
Nxc4 21. bxc4 Ra3 22. Nf3 Ne4+ 23. Ke2 Nc3+ 24. Kf2 Ra4 25. Rge1 Rxc4 26. Kg1
Re4 27. Ng5 Rxe1+ 28. Rxe1 f6 29. Ne4 Nxa2 30. Nc5 b6 31. Nb3 Rd3 32. Na1 Rc3
33. Kh2 Rc1 34. Re8+ Kd7 35. Rb8 Rxa1 36. Rb7+ Kd6 37. Rxa7 g5 38. Kg3 Kc5 39.
Kh2 h6 40. Kg3 Kc4 41. Rf7 Nc3 42. Kf3 Rf1+ 43. Ke3 Re1+ 44. Kf2 Re2+ 45. Kf1
Ra2 46. Rxf6 Ra1+ {wilburr resigns} 0-1